Learning Resource and Development

Sustainable design basics / (Record no. 29889)

MARC details
000 -LEADER
fixed length control field 03382cam a2200409 i 4500
001 - CONTROL NUMBER
control field 21043660
003 - CONTROL NUMBER IDENTIFIER
control field CSPC
005 - DATE AND TIME OF LATEST TRANSACTION
control field 20250806105834.0
008 - FIXED-LENGTH DATA ELEMENTS--GENERAL INFORMATION
fixed length control field 190627s2020 njua 001 0 eng
010 ## - LIBRARY OF CONGRESS CONTROL NUMBER
LC control number 2019027145
020 ## - INTERNATIONAL STANDARD BOOK NUMBER
International Standard Book Number 9781119443735
Qualifying information (paperback)
035 ## - SYSTEM CONTROL NUMBER
System control number 21043660
040 ## - CATALOGING SOURCE
Original cataloging agency DLC
Language of cataloging eng
Description conventions rda
Transcribing agency DLC
Modifying agency DLC
-- CSPC
042 ## - AUTHENTICATION CODE
Authentication code pcc
050 00 - LIBRARY OF CONGRESS CALL NUMBER
Classification number NK1520
Item number .K37 2020
082 00 - DEWEY DECIMAL CLASSIFICATION NUMBER
Classification number 745.4
Item number J180s
Edition number 23
100 1# - MAIN ENTRY--PERSONAL NAME
Personal name Jaffe, Sharon B.,
Dates associated with a name 1958-
Relator term author.
245 10 - TITLE STATEMENT
Title Sustainable design basics /
Statement of responsibility, etc. Sharon B. Jaffe, [and 3 others].
246 04 - VARYING FORM OF TITLE
Title proper/short title A methodology for the schematic design of sustainable buildings :
Remainder of title sustainable design basics.
264 #1 - PRODUCTION, PUBLICATION, DISTRIBUTION, MANUFACTURE, AND COPYRIGHT NOTICE
Place of production, publication, distribution, manufacture Hoboken, New Jersey :
Name of producer, publisher, distributor, manufacturer John Wiley & Sons, Inc.,
Date of production, publication, distribution, manufacture, or copyright notice 2020.
300 ## - PHYSICAL DESCRIPTION
Extent xvii, 465 pages :
Other physical details illustrations ;
Dimensions 28 cm
336 ## - CONTENT TYPE
Content type term text
Content type code txt
Source rdacontent
337 ## - MEDIA TYPE
Media type term unmediated
Media type code n
Source rdamedia
338 ## - CARRIER TYPE
Carrier type term volume
Carrier type code nc
Source rdacarrier
500 ## - GENERAL NOTE
General note Includes index.
505 0# - FORMATTED CONTENTS NOTE
Formatted contents note Why, how, who, and what -- Mindset -- Step 1: context -- Step 2: pre-planning -- Step 3: design -- Step 3B: passive design -- Step 3B: passive design, daylighting -- Step 3C: building envelope -- Step 3D: green materials -- Step 4: design resolution -- Demonstration project -- Beyond the basics -- Design resolution -- Demonstration project: final presentation -- Exercises -- Appendix A: Demonstration project program, climate, and context resources -- Appendix B: Forms and matrices -- Appendix C: Energy and modeling software -- Appendix D: Abbreviations and acronyms -- Appendix E: Green building standards, codes and rating systems.
520 ## - SUMMARY, ETC.
Summary, etc. "Much like the sustainable design process, this textbook, sustainable design basics, and the new methodology it presents is the result of collaborative efforts. We are grateful for the knowledge, insight, talent, and time of all of those who contributed to this process. Special thanks and acknowledgment are due to the following: Our students in the MS Sustainable Design program at Thomas Jefferson University whose honest and detailed feedback on the SDB methodology, even when less than favorable helped us evaluate, revise, and refine the methodology presented in this text. Particular thanks to the efforts of Abhiri Khisty, Jaspreet (JP) Bullar, and Shane Clark for their consistent work and positive spirit, Arpita Ganti for her enthusiasm and early sketchup work and Keaghan Caldwell for his amazing design, SketchUp and Sefaira work. An extra thank you to MS in Sustainable Design staff members Savannah Nierintz, and especially Laura Parisi who was an absolute rock star during her time at the University and in her work to support this book!"--
Assigning source Provided by publisher.
650 #0 - SUBJECT ADDED ENTRY--TOPICAL TERM
Topical term or geographic name entry element Sustainable design
Form subdivision Textbooks.
700 1# - ADDED ENTRY--PERSONAL NAME
Personal name Fleming, Rob
Fuller form of name (Robert Michael),
Relator term author.
700 1# - ADDED ENTRY--PERSONAL NAME
Personal name Karlen, Mark,
Relator term author.
700 1# - ADDED ENTRY--PERSONAL NAME
Personal name Roberts, Saglinda,
Relator term author.
776 08 - ADDITIONAL PHYSICAL FORM ENTRY
Relationship information Online version:
Main entry heading Jaffe, Sharon, 1958-
Title Sustainable design basics
Edition First edition.
Place, publisher, and date of publication Hoboken : Wiley, 2019.
International Standard Book Number 9781119443803
Record control number (DLC) 2019027146
906 ## - LOCAL DATA ELEMENT F, LDF (RLIN)
a 7
b cbc
c orignew
d 1
e ecip
f 20
g y-gencatlg
942 ## - ADDED ENTRY ELEMENTS (KOHA)
Source of classification or shelving scheme Dewey Decimal Classification
Koha item type Books
Edition 23
Classification part 745.4
Item part J180s
Call number prefix ENG
Call number suffix 2020
Suppress in OPAC No
Holdings
Withdrawn status Lost status Source of classification or shelving scheme Damaged status Not for loan Home library Current library Shelving location Date acquired Total Checkouts Full call number Barcode Date last seen Copy number Price effective from Koha item type
    Dewey Decimal Classification     Main Library Main Library Engineering Section 08/06/2025   ENG 745.4 J180s 2020 029917 08/06/2025 1-1 08/06/2025 Books